Statistiken für Top 15 Länder mit Covid-19-Todesfällen - 9. Juni

Klicken Sie hier um das Quiz zu spielen!

Allgemein

  • Dieses Quiz wurde 8 mal gespielt
  • Das Durchschnittsergebnis liegt bei 15 aus 20

Antwortstatistiken

Land% Korrekt
Vereinigte Staaten
100%
Brasilien
86%
Deutschland
86%
Indien
86%
Kanada
86%
Mexiko
86%
Russland
86%
Schweden
86%
Belgien
71%
Ecuador
71%
Frankreich
71%
Italien
71%
Portugal
71%
Schweiz
71%
Spanien
71%
Vereinigtes Königreich
71%
Iran
57%
Irland
57%
Niederlande
57%
Peru
57%

Verteilung der Resultate

Perzentil nach korrekt beantworteten Fragen

Anzahl Personen mit jedem Resultat

Ihre Resultats-Entwicklung

Sie haben dieses Quiz noch nicht gespielt